000 00687nam a2200169 i 4500
001 164557
003 ES-MaACL
005 20250820063052.0
008 050801s1891 sp | |||||||| ||spa d
040 _aCAM
_bspa
_cCAM
100 1 _aSánchez de Bustamante y Sirvén, Antonio,
_d1865-1951
_9102572
245 1 0 _aProgramas de las asignaturas de derecho internacional privado
_b: precedidos de la exposición del plan y método de los mismos /
_cpor Antonio S. de Bustamante.
260 _aMadrid :
_b[s.n.],
_c1891 (
_fEst. tipográfico "Sucesores de Rivadeneyra")
300 _aXXIV, 242 p. ;
_c22 cm.
852 _aES-MaACL
_jG-15015
_z-- Enc. hol.
999 _c164557
_d164557